Wszystkie państwa współczesne kontrolowane przez Niemcy - Statystyki

Ogólne statystyki
  • Ten quiz został rozwiązany 1 915 razy
  • Średni wynik to 54 z 64
Odpowiedzi na mapie
Odpowiedzi zakodowano w zielono-czerwonej skali na mapie do tego quizu, zgodnie z poniższymi procentami.
 
Statystyki odpowiedzi
Państwa % Poprawnych
Białoruś
98%
Francja
98%
Litwa
98%
Niemcy
98%
Norwegia
98%
Polska
98%
Rosja
98%
Ukraina
98%
Austria
97%
Belgia
97%
Czechy
97%
Dania
97%
Estonia
97%
Finlandia
97%
Holandia
97%
Łotwa
97%
Słowacja
97%
Włochy
97%
Chorwacja
96%
Grecja
96%
Węgry
96%
Albania
95%
Bośnia i Hercegowina
95%
Rumunia
95%
Serbia
95%
Słowenia
95%
Kosowo
94%
Bułgaria
93%
Czarnogóra
93%
Gruzja
93%
San Marino
93%
Tunezja
93%
Monako
92%
Luksemburg
90%
Macedonia Północna
85%
Papua-Nowa Gwinea
85%
Nigeria
81%
Tanzania
81%
Angola
80%
Chiny
80%
Kongo
80%
Namibia
80%
Kenia
78%
Togo
78%
Kamerun
77%
Wielka Brytania (Wyspy Normandzkie)
76%
Rwanda
75%
Ghana
74%
Czad
73%
Gabon
70%
Republika Środkowoafrykańska
70%
Gwinea
69%
Mołdawia
69%
Burundi
67%
Armenia
65%
Mikronezja
64%
Mozambik
61%
Palau
60%
Wyspy Salomona
59%
Wyspy Marshalla
58%
Nauru
57%
Samoa
55%
Zambia
55%
Stany Zjednoczone (Mariany Północne)
35%
Nie znaleziono quizów pasujących do podanych kryteriów
Rozkład punktacji
Procent ludzi z każdym wynikiem
Percentyl według liczby udzielonych odpowiedzi
Twoja historia wyników
Nie rozwiązałeś tego quizu